[Event "4NCL 2012-13"]
[Site "Hinckley ENG"]
[Date "2013.05.04"]
[Round "9.145"]
[White "Knott, Simon J B"]
[Black "Karayiannis, Costas"]
[Result "1/2-1/2"]
[WhiteTitle "IM"]
[WhiteElo "2325"]
[BlackElo "2170"]
[WhiteTeam "Barbican 4NCL"]
[BlackTeam "Cambridge University"]
[WhiteFideId "400645"]
[BlackFideId "405183"]
[EventDate "2012.11.03"]

1. Nf3 d5 2. d4 Nf6 3. c4 e6 4. g3 dxc4 5. Bg2 Bb4+ 6. Bd2 a5 7. Qc2 Nc6 8. Qxc4
Qd5 9. Qxd5 exd5 10. O-O Bg4 11. Be3 Ne7 12. Bf4 Bd6 13. Bxd6 cxd6 14. Nc3 Ne4
15. Nb5 Kd7 16. Rfc1 Rhc8 17. e3 Rc6 18. Ne1 Be2 19. Bf1 Bxf1 20. Kxf1 Rac8 21.
Rd1 Rb6 22. a4 f5 23. f3 Nf6 24. Ke2 Ra6 25. Rdc1 Rxc1 26. Rxc1 Rc6 27. Rc3 Rxc3
28. Nxc3 Nc6 29. Nd3 g5 30. Nb5 h6 31. Nc3 b6 32. Na2 Kc7 33. b4 Kd7 34. b5 Nd8
35. Nc3 Ne6 36. h3 h5 37. g4 fxg4 38. hxg4 hxg4 39. fxg4 Ke7 40. Nf2 Nd8 41. Kf3
Nf7 42. e4 Ke6 43. exd5+ Nxd5 44. Nce4 Nf6 45. Nxf6 Kxf6 46. Ke4 Ke6 47. d5+ Kf6
48. Kd4 Ne5 49. Ne4+ Ke7 50. Nxg5 Nxg4 51. Ne4 Kd7 52. Nc3 Ne5 53. Ke4 Nc4 54.
Kf5 Ke7 55. Kg5 Nb2 56. Kg6 Nc4 57. Kf5 1/2-1/2

[Event "4NCL 2012-13"]
[Site "Hinckley ENG"]
[Date "2013.05.04"]
[Round "9.146"]
[White "Spencer, Carl J"]
[Black "Coleman, David J"]
[Result "0-1"]
[BlackTitle "CM"]
[WhiteElo "2205"]
[BlackElo "2268"]
[WhiteTeam "Cambridge University"]
[BlackTeam "Barbican 4NCL"]
[WhiteFideId "412171"]
[BlackFideId "402087"]
[EventDate "2012.11.03"]

1. e4 d5 2. exd5 Qxd5 3. Nc3 Qa5 4. d4 Nf6 5. Nf3 Bf5 6. Ne5 c6 7. h3 e6 8. g4
Bg6 9. h4 Bb4 10. Rh3 Nbd7 11. Nxd7 Kxd7 12. h5 Be4 13. Bd2 h6 14. a3 Bxc3 15.
Rxc3 Qb6 16. Bf4 Rad8 17. f3 Bh7 18. Rb3 Qa5+ 19. Qd2 Qxd2+ 20. Kxd2 Kc8 21. Be5
Ne8 22. Re1 f6 23. Bg3 Rxd4+ 24. Kc3 Rd8 25. Bc4 e5 26. f4 Nc7 27. fxe5 b5 28.
Bf7 fxe5 29. Kb4 Rhf8 30. Bg6 Rd4+ 31. Kc5 Rd5+ 32. Kb4 Rd4+ 33. Kc5 Rf6 34.
Rxe5 Rc4# 0-1

[Event "4NCL 2012-13"]
[Site "Hinckley ENG"]
[Date "2013.05.04"]
[Round "9.147"]
[White "Berry, Neil"]
[Black "Churm, Rohan M"]
[Result "1-0"]
[WhiteTitle "FM"]
[WhiteElo "2247"]
[BlackElo "2169"]
[WhiteTeam "Barbican 4NCL"]
[BlackTeam "Cambridge University"]
[WhiteFideId "2400650"]
[BlackFideId "405566"]
[EventDate "2012.11.03"]

1. d4 d5 2. c4 c6 3. Nf3 Nf6 4. Nc3 e6 5. g3 dxc4 6. Bg2 Nbd7 7. O-O b5 8. e4
Qb6 9. d5 Bc5 10. dxc6 Qxc6 11. e5 Nd5 12. Nd4 Bxd4 13. Qxd4 Bb7 14. Qg4 Kf8 15.
b3 h5 16. Qg5 b4 17. Nxd5 exd5 18. bxc4 Qxc4 19. Bd2 Nc5 20. Rfc1 Qb5 21. Bf1
Qb6 22. Qe3 Ne6 23. Qxb6 axb6 24. Bxb4+ Ke8 25. Bg2 Rh6 26. Rd1 Nc7 27. Rac1 Rc6
28. a3 Rxc1 29. Rxc1 Kd7 30. f4 g6 31. Kf2 Bc6 32. Bd6 Ne6 33. Rd1 d4 34. Bh3
Ke8 35. Bxe6 fxe6 36. Rxd4 b5 37. Rd2 Rc8 38. Rb2 Bd7 39. Kg2 Rc4 40. Kh3 Kf7
41. Kh4 Rc8 42. Kg5 Be8 43. a4 bxa4 44. Rb7+ Kg8 45. Ra7 h4 46. Kxh4 Rc2 47. Kg5
Rxh2 48. Ra8 Kf7 49. Ra7+ Kg8 50. Kf6 g5 51. Ra8 Rh6+ 52. Ke7 1-0

[Event "4NCL 2012-13"]
[Site "Hinckley ENG"]
[Date "2013.05.04"]
[Round "9.148"]
[White "Chevannes, Sabrina L"]
[Black "Regan, Natasha K"]
[Result "1/2-1/2"]
[WhiteTitle "WFM"]
[BlackTitle "WIM"]
[WhiteElo "2083"]
[BlackElo "2074"]
[WhiteTeam "Cambridge University"]
[BlackTeam "Barbican 4NCL"]
[WhiteFideId "411280"]
[BlackFideId "403067"]
[EventDate "2012.11.03"]

1. d4 Nf6 2. Nf3 e6 3. e3 b6 4. c4 Bb7 5. Be2 d5 6. b3 dxc4 7. bxc4 Nbd7 8. O-O
Bd6 9. Nc3 O-O 10. Qd3 c5 11. Rd1 1/2-1/2

[Event "4NCL 2012-13"]
[Site "Hinckley ENG"]
[Date "2013.05.04"]
[Round "9.151"]
[White "Zhou, Yang-Fan"]
[Black "Gormally, Daniel W"]
[Result "0-1"]
[WhiteTitle "IM"]
[BlackTitle "GM"]
[WhiteElo "2418"]
[BlackElo "2507"]
[WhiteTeam "Guildford"]
[BlackTeam "Blackthorne Russia"]
[WhiteFideId "468584"]
[BlackFideId "406465"]
[EventDate "2012.11.03"]

1. e4 c5 2. Nf3 d6 3. d4 cxd4 4. Nxd4 Nf6 5. Nc3 a6 6. Be3 e6 7. Be2 Be7 8. a4
Nc6 9. O-O Qc7 10. f4 O-O 11. Kh1 Nxd4 12. Qxd4 e5 13. Qd3 exf4 14. Rxf4 Be6 15.
Bd4 Nd7 16. Qg3 Ne5 17. Raf1 Rac8 18. h4 Qa5 19. h5 h6 20. Rd1 b5 21. axb5 axb5
22. Rff1 b4 23. Nd5 Bxd5 24. Bxe5 dxe5 25. exd5 e4 26. Qe5 Rce8 27. Qxe4 Bd6 28.
Qf3 Qd8 29. Rd4 Qg5 30. Bd3 Re5 31. g3 Qxh5+ 32. Kg2 Qxf3+ 33. Kxf3 Bc5 34. Rf4
Rxd5 35. Bc4 Rd7 36. Kg4 g6 37. Rf6 Kg7 38. Rc6 Bd4 39. b3 Re8 40. Rd1 Re3 41.
Rd3 Re2 42. Ba6 h5+ 43. Kh3 Bg1 44. g4 Rh2+ 45. Kg3 h4+ 46. Kf4 Rf2+ 47. Kg5
Rxd3 48. Bxd3 h3 49. Be4 Re2 50. Bf3 h2 51. Rc4 Be3+ 52. Kh4 g5+ 53. Kh3 Bf4 0-1

[Event "4NCL 2012-13"]
[Site "Hinckley ENG"]
[Date "2013.05.04"]
[Round "9.152"]
[White "Bates, Richard A"]
[Black "Smerdon, David"]
[Result "0-1"]
[WhiteTitle "IM"]
[BlackTitle "GM"]
[WhiteElo "2370"]
[BlackElo "2498"]
[WhiteTeam "Blackthorne Russia"]
[BlackTeam "Guildford"]
[WhiteFideId "403555"]
[BlackFideId "3202305"]
[EventDate "2012.11.03"]

1. d4 e6 2. c4 Nf6 3. Nf3 d5 4. g3 dxc4 5. Bg2 Bb4+ 6. Bd2 c5 7. Bxb4 cxb4 8.
Ne5 O-O 9. Nxc4 Nc6 10. e3 e5 11. d5 b5 12. dxc6 Qxd1+ 13. Kxd1 bxc4 14. a3 Bg4+
15. Kc1 b3 16. Nc3 Rad8 17. h3 Bf5 18. e4 Be6 19. f4 Rd3 20. f5 Bc8 21. Rd1 Rxg3
22. Bf1 g6 23. Bxc4 gxf5 24. exf5 Bxf5 25. Rf1 Ne4 26. Nd5 Bxh3 27. Re1 Nd6 28.
Nf6+ Kh8 29. Bd5 Rg6 30. Nd7 Bxd7 31. cxd7 Rd8 32. Bxb3 Rxd7 33. Kb1 e4 34. Ka2
f5 35. Rad1 Re7 36. Rd4 Kg7 37. Red1 e3 38. Bc2 Rf6 39. Rg1+ Rg6 40. Rgd1 Rf6
41. Rg1+ Kf8 42. Bb3 Nf7 43. Rd8+ Re8 44. Rg8+ Kxg8 45. Rxe8+ Kg7 46. Rxe3 f4
47. Re7 a6 48. Bc4 f3 49. b4 f2 50. Bf1 h5 51. a4 Kg6 52. b5 axb5 53. axb5 h4
54. Re4 h3 55. Rb4 Ng5 56. b6 h2 57. b7 Rf8 58. Rh4 Nf3 59. Rh3 Rb8 60. Bg2 Ng5
61. Rxh2 Rxb7 62. Rh1 Re7 63. Rf1 Re2+ 64. Kb3 Kf5 65. Kc4 Kf4 66. Kd3 Re3+ 67.
Kc2 Kg3 68. Bb7 Re1 0-1

[Event "4NCL 2012-13"]
[Site "Hinckley ENG"]
[Date "2013.05.04"]
[Round "9.154"]
[White "Ledger, Andrew J"]
[Black "Cuenca Jimenez, Jose Fernando"]
[Result "1/2-1/2"]
[WhiteTitle "IM"]
[BlackTitle "IM"]
[WhiteElo "2402"]
[BlackElo "2490"]
[WhiteTeam "Blackthorne Russia"]
[BlackTeam "Guildford"]
[WhiteFideId "400610"]
[BlackFideId "2255570"]
[EventDate "2012.11.03"]

1. d4 Nf6 2. c4 c5 3. d5 b5 4. Qc2 g6 5. e4 Bg7 6. cxb5 Bb7 7. Nc3 O-O 8. Bf4 a6
9. Nf3 Qa5 10. Rb1 axb5 11. Bxb5 e6 12. Bd6 Re8 13. b4 cxb4 14. Bxb4 Qa7 15.
dxe6 fxe6 16. O-O Nc6 17. Bd6 Rec8 18. Qd3 Qa5 19. Rfc1 Qd8 20. a4 Ne8 21. Bf4
Qe7 22. h3 h6 23. Qe3 g5 24. Bg3 Na5 25. Be5 Nf6 26. Rd1 g4 27. Bd6 Qe8 28. Ne5
gxh3 29. Qxh3 Nc6 30. Nxc6 Bxc6 31. Bxc6 Rxc6 32. e5 Nh7 33. Qe3 Ng5 34. Rb4 Qh5
35. Rbd4 Nf7 36. f4 Qg6 37. Qe4 Qg3 38. R1d3 Qh4 39. Ba3 d5 40. Qe2 Rac8 41. Bb4
Rc4 42. g3 Qh3 43. Rxc4 Rxc4 44. Be7 Qf5 45. Rf3 Rc7 46. Bh4 h5 47. Kg2 Bf8 48.
Qd3 Nh6 49. Bg5 Qxd3 50. Rxd3 Nf5 51. Bd8 Rc8 52. Bb6 Bb4 53. Ne2 Rc2 54. Kf3
Ra2 55. Nd4 Nxd4+ 56. Rxd4 Ra3+ 57. Ke2 Rxa4 58. f5 Kf7 59. fxe6+ Kxe6 60. Rh4
Ra2+ 61. Kd3 Ra3+ 62. Ke2 Be7 63. Rxh5 Rxg3 64. Bc7 d4 65. Bd6 Bd8 66. Bb4 Bc7
67. Rh6+ Kxe5 68. Rc6 Re3+ 69. Kd2 Bd8 70. Rc8 Bg5 1/2-1/2

[Event "4NCL 2012-13"]
[Site "Hinckley ENG"]
[Date "2013.05.04"]
[Round "9.155"]
[White "Kosten, Anthony C."]
[Black "Ansell, Simon T"]
[Result "1/2-1/2"]
[WhiteTitle "GM"]
[BlackTitle "IM"]
[WhiteElo "2479"]
[BlackElo "2377"]
[WhiteTeam "Guildford"]
[BlackTeam "Blackthorne Russia"]
[WhiteFideId "400114"]
[BlackFideId "402141"]
[EventDate "2012.11.03"]

1. c4 e5 2. Nc3 Nf6 3. Nf3 Nc6 4. g3 Bb4 5. Bg2 O-O 6. O-O d6 7. d3 h6 8. Bd2 a5
9. a3 Bc5 10. Na4 Bg4 11. Nxc5 dxc5 12. Bc3 Re8 13. h3 Bh5 14. Nd2 Qd6 15. Ne4
Nxe4 16. Bxe4 Bg6 17. Bg2 Rad8 18. Qa4 Nd4 19. Rfe1 b6 20. e3 Nf5 21. Rad1 f6
22. b4 axb4 23. axb4 Rf8 24. Be4 Ne7 25. Bxg6 Nxg6 26. d4 Qe6 27. bxc5 bxc5 28.
Kg2 cxd4 29. exd4 c6 30. dxe5 fxe5 31. Rxd8 Rxd8 32. Qa5 Rd3 33. Bxe5 Nh4+ 1/2-1/2

[Event "4NCL 2012-13"]
[Site "Hinckley ENG"]
[Date "2013.05.04"]
[Round "9.156"]
[White "Ledger, Dave J"]
[Black "Sarakauskas, Gediminas"]
[Result "0-1"]
[WhiteTitle "FM"]
[BlackTitle "IM"]
[WhiteElo "2268"]
[BlackElo "2408"]
[WhiteTeam "Blackthorne Russia"]
[BlackTeam "Guildford"]
[WhiteFideId "401986"]
[BlackFideId "12800724"]
[EventDate "2012.11.03"]

1. e4 c6 2. d4 d5 3. e5 c5 4. dxc5 Nc6 5. f4 e6 6. Be3 d4 7. Bf2 Bxc5 8. Nd2 Nh6
9. a3 Nf5 10. Ne4 Be7 11. Bd3 b6 12. Nf3 Bb7 13. Qe2 Qc7 14. O-O h6 15. Ng3 Nxg3
16. hxg3 Rd8 17. g4 g5 18. f5 h5 19. fxe6 hxg4 20. exf7+ Kf8 21. Nh2 Nxe5 22.
Bg3 Nf3+ 23. Rxf3 gxf3 24. Bxc7 fxe2 25. Bxd8 Bxd8 26. Bxe2 d3 27. cxd3 Bf6 28.
Ng4 Bxb2 29. Rd1 Bd4+ 30. Nf2 Kxf7 31. Bf3 Bxf3 32. gxf3 Rc8 33. Kf1 Rc2 34. Ne4
Kg6 35. Rd2 Rc1+ 36. Kg2 Ra1 37. Nd6 Rxa3 38. Nb5 Ra4 39. Nxd4 Rxd4 40. Kf2 Kf5
41. Ke3 Rd7 42. d4 Re7+ 43. Kd3 Kf4 44. Kc4 Kxf3 45. d5 g4 46. d6 Rd7 47. Kd5 g3
48. Kc6 Rd8 49. Kc7 Rg8 50. d7 g2 51. Rd1 Kf2 52. Rd2+ Kg3 0-1

[Event "4NCL 2012-13"]
[Site "Hinckley ENG"]
[Date "2013.05.04"]
[Round "9.157"]
[White "Wall, Gavin"]
[Black "Webb, Laurence E"]
[Result "1/2-1/2"]
[WhiteTitle "IM"]
[BlackTitle "FM"]
[WhiteElo "2340"]
[BlackElo "2285"]
[WhiteTeam "Guildford"]
[BlackTeam "Blackthorne Russia"]
[WhiteFideId "2501244"]
[BlackFideId "402389"]
[EventDate "2012.11.03"]

1. e4 e6 2. d4 d5 3. e5 c5 4. c3 Nc6 5. Nf3 Qb6 6. a3 Nh6 7. b4 cxd4 8. cxd4 Nf5
9. Bb2 Bd7 10. g4 Nfe7 11. Rg1 Ng6 12. Qd2 Be7 13. Nc3 f6 14. exf6 Bxf6 15. Na4
Qd8 16. Nc5 O-O 17. b5 Nh4 18. Rg3 Nxf3+ 19. Rxf3 Nb8 20. Bd3 b6 21. Nb3 a6 22.
a4 Qe8 23. Rh3 h6 24. Ba3 Be7 25. Bxe7 Qxe7 26. Kf1 axb5 27. axb5 Rxa1+ 28. Nxa1
e5 29. dxe5 Qxe5 30. Nc2 Bxg4 31. Rg3 Bf5 32. Bxf5 Qxf5 33. Ne3 Qb1+ 34. Kg2
Qe4+ 35. f3 Qe6 36. Qxd5 Qxd5 37. Nxd5 Nd7 38. Rg6 Nf6 39. Nxf6+ Rxf6 40. Rxf6
gxf6 41. Kg3 Kf7 42. Kf4 Ke6 43. Ke4 f5+ 44. Kd4 Kd6 45. f4 1/2-1/2

[Event "4NCL 2012-13"]
[Site "Hinckley ENG"]
[Date "2013.05.04"]
[Round "9.158"]
[White "Duncan, Chris R"]
[Black "Ciuksyte, Dagne"]
[Result "1-0"]
[WhiteTitle "FM"]
[BlackTitle "IM"]
[WhiteElo "2294"]
[BlackElo "2354"]
[WhiteTeam "Blackthorne Russia"]
[BlackTeam "Guildford 2"]
[WhiteFideId "403091"]
[BlackFideId "12800619"]
[EventDate "2012.11.03"]

1. Nf3 c5 2. c4 Nf6 3. Nc3 e6 4. d4 cxd4 5. Nxd4 Bb4 6. g3 Ne4 7. Qd3 Qa5 8. Nb3
Nxc3 9. Bd2 Ne4 10. Qxe4 Bxd2+ 11. Nxd2 O-O 12. Bg2 Nc6 13. a3 Rb8 14. Qc2 Nd4
15. Qd3 Qe5 16. O-O b5 17. b4 bxc4 18. Nxc4 Qf6 19. Rfd1 Nc6 20. Nd6 Ne5 21. Qe3
Ba6 22. Rac1 Rb6 23. h3 h5 24. Rc5 Rxd6 25. Rxd6 Nc4 26. Rxc4 Bxc4 27. Qxa7 Bxe2
28. Rxd7 Qa1+ 29. Kh2 h4 30. a4 hxg3+ 31. fxg3 f5 32. Qe3 Bc4 33. b5 e5 34. b6
Qxa4 35. Rc7 e4 36. Qd4 1-0

[Event "4NCL 2012-13"]
[Site "Hinckley ENG"]
[Date "2013.05.04"]
[Round "9.161"]
[White "Slavin, Alexey"]
[Black "Ghasi, Ameet K"]
[Result "1/2-1/2"]
[WhiteTitle "IM"]
[BlackTitle "IM"]
[WhiteElo "2397"]
[BlackElo "2434"]
[WhiteTeam "e2e4.org.uk"]
[BlackTeam "Warwickshire Select"]
[WhiteFideId "24104388"]
[BlackFideId "409200"]
[EventDate "2012.11.03"]

1. d4 g6 2. c4 Bg7 3. e4 d6 4. Nc3 a6 5. h3 c6 6. Nf3 b5 7. a3 Nf6 8. Bg5 O-O 9.
Be2 h6 10. Bh4 Nh5 11. O-O g5 12. Bg3 Nxg3 13. fxg3 Qb6 14. Qd2 g4 15. hxg4 Bxg4
16. Rad1 e5 17. c5 dxc5 18. d5 c4+ 19. Kh2 Bxf3 20. Bxf3 a5 21. Bg4 b4 22. Ne2
Na6 23. d6 Nc5 24. Qe3 Na4 25. Qxb6 Nxb6 26. d7 c3 27. axb4 cxb2 28. bxa5 Nc4
29. Rd3 Rfd8 30. Nc3 Rxa5 31. Nb1 Bf8 32. Rc3 Rc5 33. Rd1 Nb6 34. Rb3 Na4 35.
Rb4 Ra5 36. Rb7 Rb5 37. Rxb5 cxb5 38. Rd5 h5 39. Bf5 Bc5 40. Rxe5 Kf8 41. Rd5 b4
42. e5 Be7 43. Rd3 Rb8 44. Rd4 Bd8 45. e6 fxe6 46. Bxe6 Nc3 47. Bf5 Rb5 48. Bd3
Rb7 49. Bf5 Kf7 50. Rd2 Kf6 51. Rxb2 Nd1 52. Be4 Rb6 53. Re2 Rd6 54. Rd2 Rxd2
55. Nxd2 Ne3 56. Kh3 Ng4 57. Bb1 Ke5 58. Bg6 Nf6 59. Nb3 Kd6 60. Kh4 Kxd7 61.
Bxh5 Ke6 62. Bg6 Ke5 63. Kh3 Ne4 64. Kg4 Bb6 65. Kf3 Ng5+ 1/2-1/2

[Event "4NCL 2012-13"]
[Site "Hinckley ENG"]
[Date "2013.05.04"]
[Round "9.162"]
[White "Thomas, Nicholas"]
[Black "Sowray, Peter J"]
[Result "1/2-1/2"]
[WhiteTitle "FM"]
[BlackTitle "FM"]
[WhiteElo "2283"]
[BlackElo "2362"]
[WhiteTeam "Warwickshire Select"]
[BlackTeam "e2e4.org.uk"]
[WhiteFideId "402117"]
[BlackFideId "400971"]
[EventDate "2012.11.03"]

1. e4 c6 2. d4 d5 3. Nd2 dxe4 4. Nxe4 Bf5 5. Ng3 Bg6 6. h4 h6 7. Nf3 Nd7 8. h5
Bh7 9. Bd3 Bxd3 10. Qxd3 e6 11. Bd2 Ngf6 12. O-O-O Be7 13. Ne4 Nxe4 14. Qxe4 Nf6
15. Qe2 Qd5 16. c4 Qe4 17. Qxe4 Nxe4 18. Be3 f5 19. Nd2 Nxd2 20. Rxd2 Kf7 21.
Bf4 Bg5 22. Bxg5 hxg5 23. Rd3 Rad8 24. Kc2 Kf6 25. Kc3 g4 26. f3 Kg5 27. fxg4
Kxg4 28. Re3 Rde8 29. Rhe1 Rxh5 30. Rxe6 Rxe6 31. Rxe6 f4 32. Re7 g5 33. d5 cxd5
34. cxd5 Kg3 35. Re5 Kxg2 36. d6 Rh7 37. Rxg5+ Kf2 38. Kd4 f3 39. Ke5 Ke2 40.
Ke6 f2 41. Re5+ Kd2 42. Rf5 Rh6+ 43. Ke7 Rh7+ 44. Kd8 Ke2 45. d7 Rh4 46. Re5+
Kd2 47. Rd5+ Ke1 48. Kc7 Rc4+ 49. Kb8 f1=Q 50. d8=Q Qf4+ 51. Ka8 b5 52. Rd1+ Kf2
53. Rd2+ Ke1 54. Rd1+ Kf2 55. Qd2+ Qxd2 56. Rxd2+ Ke3 57. Rd5 Ra4 58. Rxb5 Rxa2
59. b4 Kd4 60. Ra5 Rb2 61. b5 Kc5 62. Rxa7 Rxb5 63. Rb7 1/2-1/2

[Event "4NCL 2012-13"]
[Site "Hinckley ENG"]
[Date "2013.05.04"]
[Round "9.163"]
[White "Jackson, James P"]
[Black "Pitcher, John"]
[Result "1/2-1/2"]
[WhiteElo "2221"]
[BlackElo "2226"]
[WhiteTeam "e2e4.org.uk"]
[BlackTeam "Warwickshire Select"]
[WhiteFideId "416860"]
[BlackFideId "411485"]
[EventDate "2012.11.03"]

1. e4 c5 2. d4 cxd4 3. c3 dxc3 4. Nxc3 a6 5. Bc4 e6 6. Nf3 d6 7. O-O b5 8. Bb3
Bb7 9. Ng5 Be7 10. f4 Bxg5 11. fxg5 Nc6 12. Bf4 Nge7 13. Bg3 O-O 14. Qxd6 Nd4
15. Rad1 Nxb3 16. axb3 Qxd6 17. Bxd6 Rfe8 18. Bc5 Bc6 19. b4 Ng6 20. g3 Rad8 21.
Bb6 Rxd1 22. Rxd1 Ne5 23. Bd8 h6 24. gxh6 gxh6 25. h3 Nd7 26. Ba5 Rc8 27. Kf2 f6
28. Ke3 Kf7 29. Ne2 Ke7 30. Rc1 Ne5 31. b3 Bb7 32. Bb6 Nd7 33. Rxc8 Bxc8 34. Bc7
Nf8 35. e5 Kd7 36. Bd6 Ng6 37. Kd4 Bb7 38. Nc1 Bd5 39. Nd3 Kc6 40. Bb8 f5 41.
Nf4 Nxf4 42. gxf4 Bxb3 43. Bd6 Bc4 44. Bf8 h5 45. h4 Bd5 1/2-1/2

[Event "4NCL 2012-13"]
[Site "Hinckley ENG"]
[Date "2013.05.04"]
[Round "9.164"]
[White "Mason, Donald J"]
[Black "Bird, Andrew"]
[Result "1/2-1/2"]
[WhiteElo "2222"]
[BlackElo "2210"]
[WhiteTeam "Warwickshire Select"]
[BlackTeam "e2e4.org.uk"]
[WhiteFideId "405116"]
[BlackFideId "3204502"]
[EventDate "2012.11.03"]

1. e4 e5 2. Nf3 Nc6 3. Bb5 Nf6 4. d3 Bc5 5. c3 O-O 6. O-O d6 7. Nbd2 a6 8. Bxc6
bxc6 9. d4 exd4 10. cxd4 Bb6 11. Qc2 c5 12. dxc5 Bxc5 13. e5 Nd5 14. Nb3 Bb6 15.
Ng5 g6 16. Qc6 Be6 17. Bd2 Ne7 18. Nxe6 fxe6 19. Qc4 d5 20. Qg4 Rf5 21. Rac1 Qf8
22. Nc5 Qf7 23. Nd7 Rxf2 24. Nxb6 Rf8 25. Rfd1 cxb6 26. h3 Rc8 27. Rxc8+ Nxc8
28. Bg5 Rf5 29. Rc1 Qd7 30. Bf6 Ne7 31. Qh4 Rh5 32. Qb4 Nc8 1/2-1/2

[Event "4NCL 2012-13"]
[Site "Hinckley ENG"]
[Date "2013.05.04"]
[Round "9.165"]
[White "Josse, Mark"]
[Black "Shephard, Chris C W"]
[Result "1-0"]
[WhiteElo "2147"]
[BlackElo "2167"]
[WhiteTeam "e2e4.org.uk"]
[BlackTeam "Warwickshire Select"]
[WhiteFideId "414476"]
[BlackFideId "470953"]
[EventDate "2012.11.03"]

1. d4 Nf6 2. Nf3 d6 3. c4 c5 4. d5 e5 5. Nc3 g6 6. e4 Bg7 7. h3 Nh5 8. g3 O-O 9.
Be2 f5 10. Nd2 Nf6 11. g4 a6 12. g5 Nxe4 13. Ndxe4 fxe4 14. Be3 b5 15. cxb5 axb5
16. Bxb5 Rf4 17. h4 Bg4 18. Be2 Bf5 19. Qd2 Nd7 20. a4 h6 21. Bxf4 exf4 22. Qxf4
Be5 23. Qd2 h5 24. Nd1 Bd4 25. Ne3 Ne5 26. a5 Rb8 27. Ra2 Rb3 28. a6 Bxe3 29.
fxe3 Nf3+ 30. Bxf3 exf3 31. a7 Qa8 32. Kf2 Rd3 33. Qa5 Rxd5 34. b4 Be4 35. Qc7 1-0

[Event "4NCL 2012-13"]
[Site "Hinckley ENG"]
[Date "2013.05.04"]
[Round "9.166"]
[White "Lam, Paul G M"]
[Black "Byron, Alan M"]
[Result "1-0"]
[WhiteElo "2123"]
[BlackElo "2167"]
[WhiteTeam "Warwickshire Select"]
[BlackTeam "e2e4.org.uk"]
[WhiteFideId "411566"]
[BlackFideId "401773"]
[EventDate "2012.11.03"]

1. e4 c5 2. Nf3 d6 3. d4 cxd4 4. Qxd4 Nc6 5. Bb5 Bd7 6. Bxc6 Bxc6 7. Nc3 Nf6 8.
Bg5 e6 9. O-O-O Be7 10. Rhe1 O-O 11. Kb1 Qc7 12. Qd2 Rfd8 13. Nd4 Rab8 14. f4 b5
15. e5 dxe5 16. fxe5 Nd5 17. Ne4 Be8 18. Nd6 b4 19. Ka1 a5 20. Re4 a4 21. Rg4 a3
22. Bxe7 axb2+ 23. Kxb2 Nxe7 24. h4 Ra8 25. h5 Qa5 26. Qg5 g6 27. Qxe7 Qxa2+ 28.
Kc1 Rd7 29. Qf6 b3 30. h6 b2+ 31. Kd2 Kf8 32. Qh8+ Ke7 33. Nc6# 1-0

[Event "4NCL 2012-13"]
[Site "Hinckley ENG"]
[Date "2013.05.04"]
[Round "9.167"]
[White "Mansson, James C"]
[Black "Hynes, Anthony M"]
[Result "1-0"]
[WhiteElo "2123"]
[BlackElo "2191"]
[WhiteTeam "e2e4.org.uk"]
[BlackTeam "Warwickshire Select"]
[WhiteFideId "407100"]
[BlackFideId "411965"]
[EventDate "2012.11.03"]

1. d4 Nf6 2. c4 g6 3. Nc3 Bg7 4. e4 d6 5. f3 O-O 6. Be3 Nc6 7. Nge2 a6 8. Nc1 e5
9. Nb3 Ne8 10. d5 Ne7 11. c5 f5 12. Bc4 fxe4 13. Nxe4 b5 14. cxb6 cxb6 15. a4 h6
16. O-O Bb7 17. Qd2 Rc8 18. Rac1 Nf5 19. Bf2 h5 20. Qb4 Nd4 21. Nxd4 exd4 22.
Bg3 Bh6 23. Rcd1 a5 24. Qb3 Be3+ 25. Bf2 Qc7 26. Bb5 Nf6 27. Bxe3 dxe3 28. Qxe3
Nxe4 29. Qxe4 Kg7 30. Rfe1 Qc5+ 31. Kh1 Rc7 32. Bd3 Rf6 33. Bb1 b5 34. axb5 Qxb5
35. Qd4 Qb4 36. Qxb4 axb4 37. Rd4 Rc5 38. Rxb4 Bxd5 39. Kg1 Bf7 40. Rb7 d5 41.
b4 Rcc6 42. b5 Rb6 43. Ree7 Rxb7 44. Rxb7 Rf4 45. Ba2 Kf6 46. b6 Rb4 47. Rb8 Ke5
48. b7 Be6 49. Bxd5 1-0

[Event "4NCL 2012-13"]
[Site "Hinckley ENG"]
[Date "2013.05.04"]
[Round "9.168"]
[White "Roy, Ali"]
[Black "Norinkeviciute, Rasa"]
[Result "1/2-1/2"]
[BlackTitle "WFM"]
[WhiteElo "1857"]
[BlackElo "2010"]
[WhiteTeam "Warwickshire Select"]
[BlackTeam "e2e4.org.uk"]
[WhiteFideId "2400456"]
[BlackFideId "12801925"]
[EventDate "2012.11.03"]

1. e4 c5 2. Nf3 d6 3. c3 Nf6 4. Bd3 Bg4 5. Bc2 Nc6 6. d3 g6 7. O-O Bg7 8. Nbd2
O-O 9. h3 Bxf3 10. Nxf3 Qc7 11. Be3 h6 12. Qd2 Kh7 13. Rac1 Nd7 14. d4 Rad8 15.
Rfd1 b6 16. Bb1 e6 17. b4 Ne7 18. Qc2 f5 19. bxc5 bxc5 20. Qd2 Nb6 21. Bd3 fxe4
22. Bxe4 Nc4 23. Qe2 Nxe3 24. fxe3 Nf5 25. Bb1 d5 26. Qe1 Rb8 27. e4 dxe4 28.
Qxe4 Rb2 29. Rc2 Rxc2 30. Bxc2 cxd4 31. cxd4 Re8 32. Bb3 Qb6 33. g4 Nxd4 34.
Nxd4 Rd8 35. Qxe6 Bxd4+ 36. Kg2 Qxe6 37. Bxe6 Kg7 38. Kf3 Kf6 39. Bb3 Rd6 40.
Ke4 Bc5 41. Rxd6+ Bxd6 1/2-1/2

[Event "4NCL 2012-13"]
[Site "Hinckley ENG"]
[Date "2013.05.04"]
[Round "9.172"]
[White "Emms, John M"]
[Black "Roberson, Peter T"]
[Result "1/2-1/2"]
[WhiteTitle "GM"]
[BlackTitle "FM"]
[WhiteElo "2483"]
[BlackElo "2357"]
[WhiteTeam "Wood Green, Hilsmark Kingfisher"]
[BlackTeam "Sambuca Sharks & Sons of Anarchy"]
[WhiteFideId "400254"]
[BlackFideId "412384"]
[EventDate "2012.11.03"]

1. Nf3 Nf6 2. c4 e6 3. g3 d5 4. b3 d4 5. Bg2 c5 6. e3 Nc6 7. exd4 cxd4 8. O-O
Be7 9. d3 O-O 10. Re1 Re8 11. a3 a5 12. Nbd2 Bf8 13. Ne5 Nxe5 14. Rxe5 Qc7 15.
Nf3 h6 16. Bd2 Bd6 17. Re1 e5 18. b4 axb4 19. axb4 Rxa1 20. Qxa1 b6 21. Rc1 Nd7
22. Qa4 Rd8 23. Ra1 Bb7 24. Ra2 Bc6 25. Qd1 Ra8 26. Rxa8+ Bxa8 27. Qa1 Bc6 28.
Qa6 Nb8 29. Qa1 Qe7 30. b5 Bb7 31. Qa7 Bxf3 32. Qxe7 Bxe7 33. Bxf3 Nd7 34. Kf1
Nc5 35. Ke2 Bd6 36. Bd5 Kf8 37. g4 Nb3 38. h3 Nxd2 39. Kxd2 Ke7 40. Ke2 g6 41.
Kf3 f5 42. Bc6 Kf6 43. gxf5 gxf5 44. Bd7 1/2-1/2

[Event "4NCL 2012-13"]
[Site "Hinckley ENG"]
[Date "2013.05.04"]
[Round "9.173"]
[White "Rendle, Thomas E"]
[Black "Trent, Lawrence"]
[Result "1-0"]
[WhiteTitle "IM"]
[BlackTitle "IM"]
[WhiteElo "2381"]
[BlackElo "2429"]
[WhiteTeam "Sambuca Sharks & Sons of Anarchy"]
[BlackTeam "Wood Green, Hilsmark Kingfisher"]
[WhiteFideId "408760"]
[BlackFideId "408638"]
[EventDate "2012.11.03"]

1. e4 e5 2. Nf3 Nc6 3. Bc4 Nf6 4. d3 Be7 5. O-O O-O 6. Re1 d6 7. a4 Kh8 8. a5 a6
9. h3 Ng8 10. Nc3 f5 11. d4 fxe4 12. Rxe4 Bf5 13. Re1 e4 14. Nd2 Nf6 15. d5 Ne5
16. Bf1 Qe8 17. Ndxe4 Nxe4 18. Nxe4 Qg6 19. Ng3 Bh4 20. Ra3 Bxc2 21. Qd4 Bf6 22.
Qd2 c5 23. f4 Bh4 24. Kh2 Nd7 25. Re6 Nf6 26. f5 Bxg3+ 27. Rxg3 Qxf5 28. Rf3 Qg6
29. Bc4 Be4 30. Rg3 Qf5 31. Rg5 Qxe6 32. dxe6 d5 33. Bd3 Rae8 34. Bxe4 Nxe4 35.
Qxd5 1-0